| 000 | 00681cam a22002531a 4500 | ||
|---|---|---|---|
| 001 | 2924428 | ||
| 003 | OSt | ||
| 005 | 20230703160002.0 | ||
| 008 | 891109q19831988bs f000 0 eng | ||
| 010 | _a 88980487 | ||
| 040 |
_aDLC _cDLC _dDLC |
||
| 043 | _af-bs--- | ||
| 082 | 0 | 0 |
_a342.688 _bCOB |
| 110 | 1 | _aBotswana. | |
| 240 | 1 | 0 | _aConstitution |
| 245 | 1 | 0 | _aConstitution of Botswana. |
| 260 |
_a[Gaborone?] : _bRepublic of Botswana, _c[between 1983 and 1988] |
||
| 300 |
_a74 p. ; _c25 cm. |
||
| 500 | _aCover title. | ||
| 650 | 0 |
_aConstitutions _zBotswana. |
|
| 906 |
_a7 _bcbc _corignew _d3 _encip _f19 _gy-gencatlg |
||
| 942 |
_2ddc _cBK |
||
| 999 |
_c3481 _d3481 |
||